Catálogo de la Biblioteca Horacio González - Universidad Nacional de General Sarmiento

Ética, política y mercado : (Registro nro. 51176)

Detalles MARC
000 -CABECERA
campo de control de longitud fija 02634nam a22004450a 4500
001 - NÚMERO DE CONTROL
campo de control PT49746
003 - IDENTIFICADOR DEL NÚMERO DE CONTROL
campo de control AR-LpoUNG
005 - FECHA Y HORA DE LA ÚLTIMA TRANSACCIÓN
campo de control 20241219144704.0
008 - DATOS DE LONGITUD FIJA--INFORMACIÓN GENERAL
campo de control de longitud fija 201001s2013||||ag |||||||||||||||||spa d
020 ## - NÚMERO INTERNACIONAL ESTÁNDAR DEL LIBRO
Número Internacional Estándar del Libro 9789876301527
Condiciones de disponibilidad $39,95
040 ## - FUENTE DE LA CATALOGACIÓN
Centro catalogador/agencia de origen AR-LpoUNG
Lengua de catalogación spa
Normas de descripción aacr
041 0# - CÓDIGO DE LENGUA
Código de lengua del texto/banda sonora o título independiente spa
044 ## - CÓDIGO DEL PAÍS DE LA ENTIDAD EDITORA/PRODUCTORA
Código MARC del país ag
082 0# - NÚMERO DE LA CLASIFICACIÓN DECIMAL DEWEY
Número de clasificación 320.01 592eti
100 1# - ENTRADA PRINCIPAL--NOMBRE DE PERSONA
Nombre de persona Flax, Javier
245 10 - MENCIÓN DE TÍTULO
Título Ética, política y mercado :
Resto del título en torno a las ficciones neoliberales
250 ## - MENCIÓN DE EDICIÓN
Mención de edición 1ra. ed.
260 ## - PUBLICACIÓN, DISTRIBUCIÓN, ETC.
Lugar de publicación, distribución, etc. Buenos Aires :
Nombre del editor, distribuidor, etc. Universidad Nacional de General Sarmiento,
Fecha de publicación, distribución, etc. 2013.
300 ## - DESCRIPCIÓN FÍSICA
Extensión 241 p. :
Otras características físicas il., gráfs., tbls.
490 0# - MENCIÓN DE SERIE
Mención de serie Humanidades
520 ## - SUMARIO, ETC.
Sumario, etc. El presente libro intenta una reflexión, desde el campo de la filosofía, sobre una serie de cuestiones en las cuales convergen la ética, la teoría política y la economía. La escisión entre la economía y la filosofía significó el abandono de la reflexión sobre el sentido de la economía y sus múltiples dimensiones, las cuales habían sido cuestiones centrales para los grandes filósofos, quienes se ocuparon de pensar su época y su cultura de un modo no compartimentado. En los tiempos en los que el neoliberalismo continúa siendo una corriente dominante de pensamiento, se requiere una indagación filosófica sobre las ficciones en las que se monta el dispositivo neoliberal de poder y saber. Cualquier transformación de la actualidad en términos de justicia global hacia las presentes y las futuras generaciones, requiere poner de manifiesto esas ficciones mediante un análisis crítico. En tal sentido, pretendemos realizar una contribución presentando una genealogía de algunos lugares comunes del neoliberalismo, como la interpretación del hombre como "homo economicus". Asimismo, se recurre a casos reales, a partir de los cuales se despliega un marco conceptual con vocación interdisciplinaria, mediante el tratamiento de cuestiones como la ideología de los mercados autorregulados, la justicia distributiva, la población superfluizada, la confianza, la corrupción, la responsabilidad empresaria, etc.
650 #4 - PUNTO DE ACCESO ADICIONAL DE MATERIA--TÉRMINO DE MATERIA
Término de materia o nombre geográfico como elemento de entrada ETICA
650 #4 - PUNTO DE ACCESO ADICIONAL DE MATERIA--TÉRMINO DE MATERIA
Término de materia o nombre geográfico como elemento de entrada FILOSOFIA
650 #4 - PUNTO DE ACCESO ADICIONAL DE MATERIA--TÉRMINO DE MATERIA
Término de materia o nombre geográfico como elemento de entrada POLITICA
650 #4 - PUNTO DE ACCESO ADICIONAL DE MATERIA--TÉRMINO DE MATERIA
Término de materia o nombre geográfico como elemento de entrada ASPECTOS POLITICOS
650 #4 - PUNTO DE ACCESO ADICIONAL DE MATERIA--TÉRMINO DE MATERIA
Término de materia o nombre geográfico como elemento de entrada CIUDADANIA
650 #4 - PUNTO DE ACCESO ADICIONAL DE MATERIA--TÉRMINO DE MATERIA
Término de materia o nombre geográfico como elemento de entrada CORRUPCION
650 #4 - PUNTO DE ACCESO ADICIONAL DE MATERIA--TÉRMINO DE MATERIA
Término de materia o nombre geográfico como elemento de entrada DEMOCRACIA
650 #4 - PUNTO DE ACCESO ADICIONAL DE MATERIA--TÉRMINO DE MATERIA
Término de materia o nombre geográfico como elemento de entrada ESTADO
650 #4 - PUNTO DE ACCESO ADICIONAL DE MATERIA--TÉRMINO DE MATERIA
Término de materia o nombre geográfico como elemento de entrada DOCTRINAS ECONOMICAS
650 #4 - PUNTO DE ACCESO ADICIONAL DE MATERIA--TÉRMINO DE MATERIA
Término de materia o nombre geográfico como elemento de entrada ECONOMIA
650 #4 - PUNTO DE ACCESO ADICIONAL DE MATERIA--TÉRMINO DE MATERIA
Término de materia o nombre geográfico como elemento de entrada ESTUDIOS DE CASOS
650 #4 - PUNTO DE ACCESO ADICIONAL DE MATERIA--TÉRMINO DE MATERIA
Término de materia o nombre geográfico como elemento de entrada LIBERALISMO
650 #4 - PUNTO DE ACCESO ADICIONAL DE MATERIA--TÉRMINO DE MATERIA
Término de materia o nombre geográfico como elemento de entrada NEOLIBERALISMO
650 #4 - PUNTO DE ACCESO ADICIONAL DE MATERIA--TÉRMINO DE MATERIA
Término de materia o nombre geográfico como elemento de entrada RESPONSABILIDAD
650 #4 - PUNTO DE ACCESO ADICIONAL DE MATERIA--TÉRMINO DE MATERIA
Término de materia o nombre geográfico como elemento de entrada FILOSOFIA POLITICA
856 40 - LOCALIZACIÓN Y ACCESO ELECTRÓNICOS
Identificador Uniforme del Recurso <a href=" http://repositorio.ungs.edu.ar/handle/UNGS/111"> http://repositorio.ungs.edu.ar/handle/UNGS/111</a>
Texto de enlace Texto completo
905 ## - ELEMENTOS DE DATOS E LOCAL, LDE (RLIN)
a 49746
942 ## - ELEMENTOS DE PUNTO DE ACCESO ADICIONAL (KOHA)
Tipo de ítem Koha Libro
Fuente del sistema de clasificación o colocación Dewey Decimal Classification
Existencias
Estado de retiro Estado de pérdida Estado dañado No para préstamo Código de colección Localización permanente Ubicación/localización actual Fecha de adquisición Total de préstamos Signatura topográfica completa Código de barras Fecha visto por última vez Precio válido a partir de Tipo de ítem Koha Fuente del sistema de clasificación o colocación Renovaciones totales Fecha del último préstamo En préstamo
        Colección Ediciones UNGS Biblioteca Universidad Nacional de General Sarmiento Biblioteca Universidad Nacional de General Sarmiento 01/02/2021   320.01 592eti CUNGS722 01/02/2021 01/02/2021 Libro        
Retirado     No es para préstamo Colección Ediciones UNGS Biblioteca Universidad Nacional de General Sarmiento Biblioteca Universidad Nacional de General Sarmiento 01/02/2021   320.01 592eti CUNGS723 01/02/2021 01/02/2021 Libro Dewey Decimal Classification      
        Colección General Biblioteca Universidad Nacional de General Sarmiento Biblioteca Universidad Nacional de General Sarmiento 01/02/2021 1 320.01 592eti 00055899 01/09/2023 01/02/2021 Libro   1 18/08/2023  
        Colección General Biblioteca Universidad Nacional de General Sarmiento Biblioteca Universidad Nacional de General Sarmiento 01/02/2021 1 320.01 592eti 00059137 29/03/2023 01/02/2021 Libro     22/03/2023  
        Colección General Biblioteca Universidad Nacional de General Sarmiento Biblioteca Universidad Nacional de General Sarmiento 01/02/2021   320.01 592eti S00055900 01/02/2021 01/02/2021 Lectura en Sala        
        Colección José Pablo Martín Biblioteca Universidad Nacional de General Sarmiento Biblioteca Universidad Nacional de General Sarmiento 15/04/2022 5 320.01 592eti 00066703 17/09/2024 15/04/2022 Libro Dewey Decimal Classification 1 17/09/2024 23/09/2024
        Colección General Biblioteca Universidad Nacional de General Sarmiento Biblioteca Universidad Nacional de General Sarmiento 11/01/2023 4 320.01 592eti 00067760 28/08/2023 11/01/2023 Libro Dewey Decimal Classification   15/06/2023